Statistiques concernant Capitales mondiales les plus proches de Buenos Aires (avec des exceptions)

Cliquez ici pour prendre le quiz!

Statistiques générales

  • Ce quiz a été pris 42 fois
  • Le résultat moyen est 9 sur 20

Statistiques - réponses

kmcapitale% Correct
7403Mexico
85%
5339Panama
78%
6216Tegucigalpa
70%
6449Guatemala
68%
5649San José
68%
6288San Salvador
68%
5975Managua
60%
6613Belmopan
58%
6999Dakar
50%
7331Windhoek
40%
6749Freetown
35%
6880Le Cap
33%
7230Yamoussoukro
33%
7482Bamako
30%
6756Monrovia
30%
6820Conakry
28%
6632Praia
28%
6936Banjul
25%
6866Bissau
25%
7384Nouakchott
20%

Distribution des résultats

Percentile par nombre de réponses

% des personnes avec chaque résultat

Votre développement - résultats

Vous n’avez pas pris ce quiz